000 00900nmm a2200277 a 4500
001 ocm000596712
003 TR-IsHL
005 20201028132124.0
008 131030s2010 tu tur
007 cr cn
020 _a9786054033089
035 _a596712
_b(N$T)
050 0 4 _aDS919.4
_b.D46 2010
090 0 4 _aDS919.4
_b.D46 2010
100 1 _aDenizli, Ali
245 1 0 _aKore Savaşı: uzaklardaki kahramanlar ve zaferleri
_h[electronic resource] /
_cAli Denizli ; ed. Funda Özlem Şeran
260 _aİstanbul :
_bBaşlık Yayın Grubu,
_c2010
300 _a352 p.
650 4 _aTarih
650 4 _aHistory
650 0 _aKore savaşı, 1950-1953
650 0 _aKorean War, 1950-1953
650 7 _aHISTORY / Military / Korean War
_2bisacsh
700 1 _aŞeran, Funda Özlem
856 4 0 _uhttp://search.ebscohost.com/login.aspx?direct=true&scope=site&db=e011xww&AN=596712
999 _c4924
_d4924